Графические приложения; Проблемы агрономического минерального сырья в перспективе развития сельского хозяйства восточных районов РСФСР

Bibliografiske detaljer
Parent link:Проблемы агрономического минерального сырья в перспективе развития сельского хозяйства восточных районов РСФСР: Диссертация на соискание ученой степени доктора геограических наук/ М. Н. Колобков; Сибирский научно-исследовательский институт геологии, геофизики и минерального сырья (СНИИГГиМС). Графические приложения.— , 1963
Sprog:russisk
Udgivet: 1963
Fag:
Format: Bog
KOHA link:https://koha.lib.tpu.ru/cgi-bin/koha/opac-detail.pl?biblionumber=146654

MARC

LEADER 00000nbm2a2200000 4500
001 146654
005 20231031144727.0
035 |a (RuTPU)RU\TPU\book\158962 
035 |a RU\TPU\book\158960 
090 |a 146654 
100 |a 20081031d1963 k y0rusy50 ca 
101 0 |a rus 
102 |a RU 
105 |a a m 000zy 
200 0 |a Графические приложения 
210 |d 1963 
461 1 |0 (RuTPU)RU\TPU\book\158959  |t Проблемы агрономического минерального сырья в перспективе развития сельского хозяйства восточных районов РСФСР  |o Диссертация на соискание ученой степени доктора геограических наук  |f М. Н. Колобков  |g Сибирский научно-исследовательский институт геологии, геофизики и минерального сырья (СНИИГГиМС)  |v Графические приложения  |d 1963 
610 1 |a докторские диссертации 
610 1 |a РСФСР 
610 1 |a минеральное сырье 
610 1 |a сельское хозяйство 
610 1 |a графические приложения 
610 1 |a карты 
675 |a 631.8(04)  |v 3 
675 |a 553(с18)  |v 3 
801 1 |a RU  |b 63413507  |c 20081031  |g PSBO 
801 2 |a RU  |b 63413507  |c 20081031  |g PSBO 
942 |c BK